000 00561nam a22001817a 4500
005 20251108164936.0
008 250721s2000 xx 000 0 ara d
082 1 4 _a327.11/مقد
100 1 _aمقدادي، محمد
245 1 0 _aالعولمة :
_bرقاب كثيرة و سيف واحد /
264 1 _aبيروت :
_bالمؤسسة العربية للدراسات،
_c2000.
300 _a316ص
650 1 7 _aالإقتصاد الدولي
650 1 7 _aالتدويل
650 1 7 _aالسياسة الدولية
942 _2ddc
_cBK
999 _c17991
_d17991